00398nam a2200145Ia 450000500170000000800410001702000180005808200210007610000240009724500480012126000330016930000130020250000270021565000100024220250311134308.0231217s9999 xx 000 0 und d a9788178815725 a305.26 GHO;1 R aGhosh, Rajarshi ed. 0aAgeing society : social and economic issues c2005bICFAI PressaHyderabad avii, 219 aContent page available aICFAI